书目信息 |
| 题名: |
50部必知的电影经典
|
|
| 作者: | 王恩泽 编著 | |
| 分册: | ||
| 出版信息: | 北京 北京工业大学出版社 2006 |
|
| 页数: | 301页 | |
| 开本: | 24cm | |
| 丛书名: | 《大师经典·读书计划》丛书 | |
| 单 册: | ||
| 中图分类: | J905.1 | |
| 科图分类: | ||
| 主题词: | 电影评论--世界 , 电影评论 | |
| 电子资源: | ||
| ISBN: | 7-5639-1613-X | |
| 000 | 00857oam2 2200253 450 | |
| 001 | 010700016362 | |
| 005 | 20061229094236.67 | |
| 010 | @a7-5639-1613-X@dCNY48.00 | |
| 100 | @a20060204d2006 em y0chiy0110 ea | |
| 101 | 0 | @achi |
| 102 | @aCN@b110000 | |
| 105 | @aa z 000yy | |
| 200 | 1 | @a50部必知的电影经典@950 bu bi zhi de dian ying jing dian@e推介·导读@f王恩泽编著 |
| 210 | @a北京@c北京工业大学出版社@d2006 | |
| 215 | @a301页@c图@d24cm | |
| 225 | 2 | @a《大师经典·读书计划》丛书 |
| 330 | @a本书包括:关山飞渡、白昼美人、小城之春、甜蜜的生活、发条橙、东京物语、后窗等50部电影,并对其做出了介绍。 | |
| 461 | 0 | @12001 @a《大师经典·读书计划》丛书@1701 0@a张玉斌@4主编 |
| 606 | 0 | @a电影评论@y世界 |
| 606 | 0 | @a电影评论 |
| 690 | @aJ905.1@v4 | |
| 701 | 0 | @a王恩泽@9wang en ze@4编著 |
| 801 | 0 | @aCN@bRENTIAN@c20061229 |
| 905 | @a10447@dJ905.1@e155 | |
| 50部必知的电影经典:推介·导读/王恩泽编著.-北京:北京工业大学出版社,2006 |
| 301页:图;24cm.-(《大师经典·读书计划》丛书) |
| ISBN 7-5639-1613-X:CNY48.00 |
| 本书包括:关山飞渡、白昼美人、小城之春、甜蜜的生活、发条橙、东京物语、后窗等50部电影,并对其做出了介绍。 |
| ● |
| 相关链接 |
|
|
|
|
正题名:50部必知的电影经典
索取号:J905.1/155
 
预约/预借
| 序号 | 登录号 | 条形码 | 馆藏地/架位号 | 状态 | 备注 |
| 1 | 0391440 | 203914407 | 第一样本阅览室/ [索取号:J905.1/155] | 在馆 | |
| 2 | 0391441 | 203914416 | 第一借阅区/ [索取号:J905.1/155] | 在馆 | |
| 3 | 0391442 | 203914425 | 第一借阅区/ [索取号:J905.1/155] | 在馆 | |
| 4 | 0391443 | 203914434 | 第一借阅区/ [索取号:J905.1/155] | 在馆 | |
| 5 | 0391444 | 203914443 | 第一借阅区/ [索取号:J905.1/155] | 在馆 | |
| 6 | 0614231 | 206142315 | 第一借阅区/ [索取号:J905.1/155] | 在馆 | |
| 7 | 0614232 | 206142324 | 第一借阅区/ [索取号:J905.1/155] | 在馆 | |
| 8 | 0614233 | 206142333 | 第一借阅区/ [索取号:J905.1/155] | 在馆 | |
| 9 | 0614234 | 206142342 | 第一借阅区/ [索取号:J905.1/155] | 在馆 | |
| 10 | 0614235 | 206142351 | 第一借阅区/ [索取号:J905.1/155] | 在馆 | |
| 11 | 0614236 | 206142360 | 第一借阅区/ [索取号:J905.1/155] | 在馆 | |
| 12 | 0614237 | 206142379 | 第一借阅区/ [索取号:J905.1/155] | 在馆 | |
| 13 | 0614238 | 206142388 | 第一借阅区/ [索取号:J905.1/155] | 在馆 |